| 000 | 00827nam a22002057a 4500 | ||
|---|---|---|---|
| 008 | 100803t1982NW||||| |||| 00| 0 eng d | ||
| 020 | _a0770600298 | ||
| 020 | _a0770600239 | ||
| 082 |
_a643.7 _bHUT |
||
| 100 |
_bHutchins, Nigel _917042 |
||
| 245 |
_aRestoring Houses of Brick & Stone / _cNigel Hutchins. |
||
| 260 |
_aNew York: _bVan Nostrand Reinhold, _cc1982. |
||
| 300 |
_a192 p: _bill. (some col.) ; _c25 cm. |
||
| 504 | _6Includes bibliography p.188-189 and Index. | ||
| 650 |
_aDwellings _xRemodeling _917043 |
||
| 650 |
_aBrick houses _xconservation and restoration _917044 |
||
| 650 |
_aStone houses _xconservation and restoration _917045 |
||
| 942 |
_2ddc _cBB |
||
| 999 |
_c14599 _d14599 |
||